书目信息 |
| 题名: |
抱朴子
|
|
| 作者: | 葛洪, 著 ;张松辉 解读 | |
| 分册: | ||
| 出版信息: | 北京 国家图书馆出版社 2020.12 |
|
| 页数: | 475页 | |
| 开本: | 24cm | |
| 丛书名: | 中华传统文化百部经典 | |
| 单 册: | ||
| 中图分类: | B235.72 | |
| 科图分类: | ||
| 主题词: | 古典哲学--gu dian zhe xue--中国--东晋时代 | |
| 电子资源: | ||
| ISBN: | 978-7-5013-6746-7 | |
| 000 | 01189nam 2200301 450 | |
| 001 | CAL 004095741 | |
| 005 | 20230217093112.0 | |
| 010 | @a978-7-5013-6746-7@dCNY62.00 | |
| 100 | @a20210509d2020 em y0chiy0120 ea | |
| 101 | 0 | @achi |
| 102 | @aCN@b110000 | |
| 105 | @ay a 000yy | |
| 106 | @ar | |
| 200 | 1 | @a抱朴子@Abao pu zi@e节选@f葛洪著@g张松辉解读 |
| 210 | @a北京@c国家图书馆出版社@d2020.12 | |
| 215 | @a475页@d24cm | |
| 225 | 2 | @a中华传统文化百部经典@Azhong hua chuan tong wen hua bai bu jing dian |
| 300 | @a2017年国家社会科学基金重大委托项目 “十三五”国家重点图书出版规划项目 | |
| 320 | @a有书目 (第474-475页) | |
| 330 | @a本书主要内容包括: 作者生平及著作、《内篇》的主要思想及其影响、《外篇》的主要思想及其价值与不足、《抱朴子》的版本、注本及注释体例、畅玄卷一、论仙卷二、对俗卷三、金丹卷四、至理卷五、微旨卷六、塞难卷七、道意卷九、明本卷十等。 | |
| 410 | 0 | @12001 @a中华传统文化百部经典 |
| 605 | @a抱朴子@Abao pu zi@x注释 | |
| 606 | 0 | @a古典哲学@Agu dian zhe xue@y中国@z东晋时代 |
| 690 | @aB235.72@v5 | |
| 701 | 0 | @a葛洪,@Age hong@f晋代@4著 |
| 702 | 0 | @a张松辉@Azhang song hui@4解读 |
| 801 | 0 | @aCN@bBJXHZP@c20230228 |
| 905 | @b1405925-8@dB235.72@e25@f4 | |
| 抱朴子:节选/葛洪著/张松辉解读.-北京:国家图书馆出版社,2020.12 |
| 475页;24cm.-(中华传统文化百部经典) |
| 2017年国家社会科学基金重大委托项目 “十三五”国家重点图书出版规划项目 |
| ISBN 978-7-5013-6746-7:CNY62.00 |
| 本书主要内容包括: 作者生平及著作、《内篇》的主要思想及其影响、《外篇》的主要思想及其价值与不足、《抱朴子》的版本、注本及注释体例、畅玄卷一、论仙卷二、对俗卷三、金丹卷四、至理卷五、微旨卷六、塞难卷七、道意卷九、明本卷十等。 |
| ● |
| 相关链接 |
|
|
|
|
正题名:抱朴子
索取号:B235.72/25
 
预约/预借
| 序号 | 登录号 | 条形码 | 馆藏地/架位号 | 状态 | 备注 |
| 1 | 1405925 | 214059258 | 第一样本阅览室/ [索取号:B235.72/25] | 在馆 | |
| 2 | 1405926 | 214059267 | 第一借阅区/ [索取号:B235.72/25] | 在馆 | |
| 3 | 1405927 | 214059276 | 第一借阅区/ [索取号:B235.72/25] | 在馆 | |
| 4 | 1405928 | 214059285 | 第一借阅区/ [索取号:B235.72/25] | 在馆 |